000 00403pab a2200157 454500
008 180718b1989 xxu||||| |||| 00| 0 eng d
100 _aPeluso, Nancy Lee
245 _aSocial forestry in Java
_bReorienting management system
260 _c1989
300 _a333-44
362 _aWinter
650 _aForests - Indonesia
700 _aMark Poffenberger
773 _aHuman Organisation
909 _a9043
999 _c9043
_d9043